000 00451nam a2200181Ia 4500
001 10750
005 20260306161855.0
008 260306t1981||||xx |||||||||||||| ||spa||
041 _aESP
082 _a947.0841
_bC28
100 _aCarr, Edward Hallett
_eAUT
245 0 _aLa revolución rusa:
_bde Lenin a Stalin, 1917-1929
260 _c1981
300 _a245 pƔginas :
_c18 cm.
650 _aGEN
654 _aCHU
942 _cLIB
_dJUS
_fJUS
_2ddc
_n
999 _c10750
_d10750